Technická normalizaceTechnická normalizace

Enregistré dans:
Détails bibliographiques
Auteur principal: Skopal, Jaroslav (Auteur)
Format: Livre
Langue:tchèque
Publié: Praha : ČVUT, 2008
Édition:1. vyd.
Sujets:
Tags: Ajouter un tag
Pas de tags, Soyez le premier à ajouter un tag!

MARC

LEADER 00000nam a22000003a 4500
001 stu240460
005 20150716165432.5
008 111214s2008----xr------------------cze-d
020 |a 978-80-01-04140-6 
040 |a STU  |b slo 
041 0 |a cze 
044 |a xr 
080 |a 389.6 
100 1 |a Skopal, Jaroslav  |4 aut 
245 1 |a Technická normalizaceTechnická normalizace 
250 |a 1. vyd. 
260 |a Praha :  |b ČVUT,  |c 2008 
300 |a 166 s., 9 obr 
650 7 |a Normalizácia technická  |2 stusub 
996 |b 284J039513  |c J*114289  |l JJST  |s P  |a 0  |w stu240460_0001